00803nam a2200229 a 4500008004100000020002400041100002200065245009600087260003300183300002800216440002100244500002000265520009400285650004300379650004400422650002200466650002300488653003500511003000100546005001700547040000900564  a0531012034 (cased.)1 aHaines, Gail Kay.10aSupercold/superhot :bcryogenics and controlled thermonuclear fusion /cby Gail Kay Haines. aNew York :bF. Watts,c1976. a81 p. :bill. ;c25 cm.0 aAn Impact book . aIncludes index. aIntroduces the scientific study of temperature extremes and how it relates to technology. 0aLow temperaturesvJuvenile literature. 0aControlled fusionvJuvenile literature. 1aLow temperatures. 1aControlled fusion. aCryogenics Juvenile literature20230123133211.0 cNUST